Top 100 European Roller Coasters - Statistics

General Stats
  • This quiz has been taken 68 times
  • The average score is 51 of 100
Answer Stats
Roller Coaster Name Manufacturer Opening Year % Correct
Untamed Rocky Mountain Construction 2019
89%
Voltron Nevera Mack Rides 2024
89%
Zadra Rocky Mountain Construction 2019
89%
Hyperia Mack Rides 2024
87%
Ride to Happiness Mack Rides 2021
87%
Hyperion Intamin 2018
84%
Wodan: Timbur Coaster Great Coasters International 2012
84%
F.L.Y Vekoma 2020
82%
Nemesis Reborn Bolliger & Mabillard 1994 / 2024
82%
Oblivion - the Black Hole Bolliger & Mabillard 2015
82%
Taron Intamin 2016
82%
Silver Star Bolliger & Mabillard 2002
79%
Black Mamba Bolliger & Mabillard 2006
76%
Goliath Intamin 2002
76%
Toutatis Intamin 2023
76%
Wildfire Rocky Mountain Construction 2016
76%
Abyssus Vekoma 2021
74%
Blue Fire Megacoaster Mack Rides 2009
74%
Kondaa Intamin 2021
74%
Red Force Intamin 2017
74%
Smiler Gerstlauer 2013
74%
Helix Mack Rides 2014
71%
YoY (Thrill - Green) Rocky Mountain Construction 2025
71%
Formula Vekoma 2016
68%
iSpeed Intamin 2009
68%
Dragon Khan Bolliger & Mabillard 1995
66%
OzIris Bolliger & Mabillard 2012
66%
Schwur des Kärnan Gerstlauer 2015
66%
Shambhala Bolliger & Mabillard 2012
66%
Stealth Intamin 2006
66%
Taiga Intamin 2019
66%
Wicker Man Great Coasters International 2018
66%
Baron 1898 Bolliger & Mabillard 2015
63%
Fēnix Bolliger & Mabillard 2018
63%
Lech Coaster Vekoma 2017
63%
Batman Gotham City Escape Intamin 2023
61%
Galactica Bolliger & Mabillard 2002
61%
Nemesis Inferno Bolliger & Mabillard 2003
61%
Swarm Bolliger & Mabillard 2012
61%
Colossos - Kampf der Giganten Intamin 2001 / 2019
58%
Troy Great Coasters International 2007
58%
Lost Gravity Mack Rides 2016
55%
Expedition GeForce Intamin 2001
53%
Raptor Bolliger & Mabillard 2011
53%
Fønix Vekoma 2022
50%
Krake Bolliger & Mabillard 2011
50%
Monster Bolliger & Mabillard 2010 | 2021
50%
Valkyria Bolliger & Mabillard 2018
50%
Anubis: The Ride Gerstlauer 2009
47%
Flug der Dämonen Bolliger & Mabillard 2014
47%
Karacho Gerstlauer 2013
47%
Katun Bolliger & Mabillard 2000
47%
Mecalodon Gerstlauer 2025
47%
Balder Intamin 2003
45%
Big Thunder Mountain Vekoma 1992
45%
Fury Gerstlauer 2019
45%
Icon Mack Rides 2018
45%
Star Trek: Operation Enterprise Mack Rides 2017
45%
El Toro Great Coasters International 2009
42%
Joris en de Draak (Vuur) Great Coasters International 2010
42%
Joris en de Draak (Water) Great Coasters International 2010
42%
Junker Gerstlauer 2015
42%
Piraten Intamin 2008
42%
Superman / la Atraccion de Acero Bolliger & Mabillard 2002
42%
Desert Race Intamin 2007
39%
Flucht von Novgorod Gerstlauer 2009
39%
Hals-über-Kopf Vekoma 2020
39%
Mahuka Intamin 2024
39%
Storm Mack Rides 2013
39%
Storm - The Dragon Legend Gerstlauer 2023
39%
Tornado Intamin 2001
39%
Wiener Looping Mack Rides 2025
39%
Alpina Blitz Mack Rides 2014
37%
Helios Mack Rides 2025
37%
Fianna Force Vekoma 2024
34%
Mystic Gerstlauer 2019
34%
Olympia Looping BHS 1989
34%
Colorado Adventure Vekoma 1996
32%
Cú Chulainn Gravitykraft Corporation 2015
32%
Dynamite Mack Rides 2019
32%
Sik Intamin 2022
29%
Speed Monster Intamin 2006
29%
Gold Rush Gerstlauer 2017
26%
Rutschebanen L.A. Thompson Scenic Railway 1914
26%
Stunt Fall Vekoma 2002
26%
Twister Gravitykraft Corporation 2011
26%
Lisebergbanan Zierer 1987
24%
Shadows of Arkham Bolliger & Mabillard 2002
24%
Shock Maurer 2011
24%
Wood Express Gravitykraft Corporation 2018
24%
Aquila Vekoma 2025
21%
Juvelen Intamin 2013
21%
Megafobia Custom Coasters International 1996
21%
Thunderbird Great Coasters International 2006
21%
Inferno Intamin 2014
18%
Werewolf Great Coasters International 2019
18%
Yukon Quad Intamin 2018
18%
Eulenblitz Zierer 2024
16%
Monte Coaster Wiegand 2007
16%
No matching quizzes found
Score Distribution
Percent of People with Each Score
Percentile by Number Answered
Your Score History
You have not taken this quiz